| 000 | 00912nam a22002417a 4500 | ||
|---|---|---|---|
| 008 | 130821s2003 ck gr spa | ||
| 020 | _a9588192293 | ||
| 040 |
_aCo-BoUCM _bspa |
||
| 041 | 0 | 0 | _aspa |
| 100 | 1 |
_aBernate Ochoa, Francisco _936457 |
|
| 245 | 1 | 0 |
_aDelitos de falsedad en estados financieros _cFrancisco Bernate Ochoa. |
| 260 |
_aBogotá (Colombia) _bEdiciones Jurídicas Gustavo Ibáñez _c2003 |
||
| 300 | _a166 páginas | ||
| 504 | _aIncluye bibliografía. | ||
| 650 | 0 | 4 |
_aDelitos contra el orden económico social _xAspectos jurídicos _zColombia _912568 |
| 650 | 0 | 4 |
_aDelitos económicos _zColombia _9105362 |
| 650 | 0 | 4 |
_aEstados financieros _xFraude _zColombia _915032 |
| 650 | 0 | 4 |
_aFalsedad en documentos _zColombia _915540 |
| 650 | 0 | 4 |
_aFalsificación _zColombia _915541 |
| 650 | 0 | 4 |
_aViolencia _9422 |
| 942 |
_cLIBRO _a5 _e1 _mB524d _2DEWEY _h364.168 |
||
| 999 |
_c92123 _d92123 |
||